| 000 | 00493pab a2200181 454500 | ||
|---|---|---|---|
| 008 | 180718b2004 xxu||||| |||| 00| 0 eng d | ||
| 100 | _aBrooks, Karen | ||
| 245 | _aRussian agriculture in the transition to a market economy | ||
| 260 | _c2004 | ||
| 300 | _ap.571-86. | ||
| 362 | _aApr | ||
| 650 | _aMarket economy - Russia | ||
| 650 | _aAgriculture - Russia | ||
| 650 | _aAgriculture | ||
| 700 | _aGardner, Bruce | ||
| 773 | _aEconomic Development and Cultural Change | ||
| 909 | _a62504 | ||
| 999 |
_c62504 _d62504 |
||